LIBRARY & INFORMATION CENTRE, KCAET, TAVANUR

ONLINE PUBLIC ACCESS CATALOGUE (OPAC)

Traditional water management systems of India / (Record no. 13284)

MARC details
000 -LEADER
fixed length control field 00488cam a2200169ua 4500
003 - CONTROL NUMBER IDENTIFIER
control field OSt
008 - FIXED-LENGTH DATA ELEMENTS--GENERAL INFORMATION
fixed length control field 250806b |||||||| |||| 00| 0 eng d
041 ## - LANGUAGE CODE
Language code of text/sound track or separate title eng
082 ## - DEWEY DECIMAL CLASSIFICATION NUMBER
Classification number 627.02
Item number CHA/TR
100 ## - MAIN ENTRY--AUTHOR NAME
Personal name Chakravarty, Kalyan Kumar .
245 00 - TITLE STATEMENT
Title Traditional water management systems of India /
260 ## - PUBLICATION, DISTRIBUTION, ETC. (IMPRINT)
Place of publication New Delhi :
Name of publisher Aryan Books International ,
Year of publication 2006.
300 ## - PHYSICAL DESCRIPTION
Number of Pages 192 ;
Accompanying material CD.
700 1# - ADDED ENTRY--PERSONAL NAME
Personal name Badam, Gyani Lal .
700 1# - ADDED ENTRY--PERSONAL NAME
Personal name Paranjpye, Vijay .
942 ## - ADDED ENTRY ELEMENTS (KOHA)
Koha item type Books
Holdings
Withdrawn status Lost status Damaged status Home library Current library Date acquired Full call number Accession Number Koha item type
      KAUAET KAUAET 07/04/2012 627.02 CHA/TR 21606 Books
free website counter